<?xml version="1.0" encoding="UTF-8"?>
<record
    xmlns:xsi="http://www.w3.org/2001/XMLSchema-instance"
    xsi:schemaLocation="http://www.loc.gov/MARC21/slim http://www.loc.gov/standards/marcxml/schema/MARC21slim.xsd"
    xmlns="http://www.loc.gov/MARC21/slim">

  <leader>00384nam a22001697a 4500</leader>
  <datafield tag="999" ind1=" " ind2=" ">
    <subfield code="c">11091</subfield>
    <subfield code="d">11091</subfield>
  </datafield>
  <controlfield tag="003">OSt</controlfield>
  <controlfield tag="008">220215b           ||||| |||| 00| 0 eng d</controlfield>
  <datafield tag="020" ind1=" " ind2=" ">
    <subfield code="a">9780070222946</subfield>
  </datafield>
  <datafield tag="082" ind1=" " ind2=" ">
    <subfield code="a">005.44 PEL</subfield>
  </datafield>
  <datafield tag="100" ind1=" " ind2=" ">
    <subfield code="a">PETERSEN,Richard</subfield>
  </datafield>
  <datafield tag="245" ind1=" " ind2=" ">
    <subfield code="a">Linux: The complete Referene</subfield>
  </datafield>
  <datafield tag="250" ind1=" " ind2=" ">
    <subfield code="a">6th</subfield>
  </datafield>
  <datafield tag="260" ind1=" " ind2=" ">
    <subfield code="a">New Delhi</subfield>
    <subfield code="b">TMH</subfield>
    <subfield code="c">2019</subfield>
  </datafield>
  <datafield tag="300" ind1=" " ind2=" ">
    <subfield code="a">630</subfield>
  </datafield>
  <datafield tag="650" ind1=" " ind2=" ">
    <subfield code="a">BCA</subfield>
  </datafield>
  <datafield tag="942" ind1=" " ind2=" ">
    <subfield code="2">ddc</subfield>
    <subfield code="c">BK</subfield>
    <subfield code="0">12</subfield>
  </datafield>
  <datafield tag="952" ind1=" " ind2=" ">
    <subfield code="0">0</subfield>
    <subfield code="1">0</subfield>
    <subfield code="2">ddc</subfield>
    <subfield code="4">0</subfield>
    <subfield code="7">0</subfield>
    <subfield code="8">BCA</subfield>
    <subfield code="a">PIET</subfield>
    <subfield code="b">PIET</subfield>
    <subfield code="d">2022-01-29</subfield>
    <subfield code="e">Kirti Praskshan</subfield>
    <subfield code="f">IN Rupees</subfield>
    <subfield code="g">1099.00</subfield>
    <subfield code="k">IN3230</subfield>
    <subfield code="l">3</subfield>
    <subfield code="o">005.44 PEL</subfield>
    <subfield code="p">BC1592</subfield>
    <subfield code="r">2025-01-21 00:00:00</subfield>
    <subfield code="s">2024-12-30</subfield>
    <subfield code="v">747.32</subfield>
    <subfield code="w">2022-01-29</subfield>
    <subfield code="y">BK</subfield>
  </datafield>
  <datafield tag="952" ind1=" " ind2=" ">
    <subfield code="0">0</subfield>
    <subfield code="1">0</subfield>
    <subfield code="2">ddc</subfield>
    <subfield code="4">0</subfield>
    <subfield code="7">0</subfield>
    <subfield code="8">BCA</subfield>
    <subfield code="a">PIET</subfield>
    <subfield code="b">PIET</subfield>
    <subfield code="d">2022-01-29</subfield>
    <subfield code="e">Kirti Praskshan</subfield>
    <subfield code="f">IN Rupees</subfield>
    <subfield code="g">1099.00</subfield>
    <subfield code="k">IN3230</subfield>
    <subfield code="l">0</subfield>
    <subfield code="o">005.44 PEL</subfield>
    <subfield code="p">BC1593</subfield>
    <subfield code="r">2022-02-15 00:00:00</subfield>
    <subfield code="v">747.32</subfield>
    <subfield code="w">2022-01-29</subfield>
    <subfield code="y">BK</subfield>
  </datafield>
  <datafield tag="952" ind1=" " ind2=" ">
    <subfield code="0">0</subfield>
    <subfield code="1">0</subfield>
    <subfield code="2">ddc</subfield>
    <subfield code="4">0</subfield>
    <subfield code="7">0</subfield>
    <subfield code="8">BCA</subfield>
    <subfield code="a">PIET</subfield>
    <subfield code="b">PIET</subfield>
    <subfield code="d">2022-01-29</subfield>
    <subfield code="e">Kirti Praskshan</subfield>
    <subfield code="f">IN Rupees</subfield>
    <subfield code="g">1099.00</subfield>
    <subfield code="k">IN3230</subfield>
    <subfield code="l">4</subfield>
    <subfield code="o">005.44 PEL</subfield>
    <subfield code="p">BC1594</subfield>
    <subfield code="r">2024-12-10 00:00:00</subfield>
    <subfield code="s">2024-11-25</subfield>
    <subfield code="v">747.32</subfield>
    <subfield code="w">2022-01-29</subfield>
    <subfield code="y">BK</subfield>
  </datafield>
  <datafield tag="952" ind1=" " ind2=" ">
    <subfield code="0">0</subfield>
    <subfield code="1">0</subfield>
    <subfield code="2">ddc</subfield>
    <subfield code="4">0</subfield>
    <subfield code="7">0</subfield>
    <subfield code="8">BCA</subfield>
    <subfield code="a">PIET</subfield>
    <subfield code="b">PIET</subfield>
    <subfield code="d">2022-01-29</subfield>
    <subfield code="e">Kirti Praskshan</subfield>
    <subfield code="f">IN Rupees</subfield>
    <subfield code="g">1099.00</subfield>
    <subfield code="k">IN3230</subfield>
    <subfield code="l">0</subfield>
    <subfield code="o">005.44 PEL</subfield>
    <subfield code="p">BC1595</subfield>
    <subfield code="r">2022-02-15 00:00:00</subfield>
    <subfield code="v">747.32</subfield>
    <subfield code="w">2022-01-29</subfield>
    <subfield code="y">BK</subfield>
  </datafield>
  <datafield tag="952" ind1=" " ind2=" ">
    <subfield code="0">0</subfield>
    <subfield code="1">0</subfield>
    <subfield code="2">ddc</subfield>
    <subfield code="4">0</subfield>
    <subfield code="7">0</subfield>
    <subfield code="8">BCA</subfield>
    <subfield code="a">PIET</subfield>
    <subfield code="b">PIET</subfield>
    <subfield code="d">2022-01-29</subfield>
    <subfield code="e">Kirti Praskshan</subfield>
    <subfield code="f">IN Rupees</subfield>
    <subfield code="g">1099.00</subfield>
    <subfield code="k">IN3230</subfield>
    <subfield code="l">2</subfield>
    <subfield code="o">005.44 PEL</subfield>
    <subfield code="p">BC1596</subfield>
    <subfield code="r">2025-01-04 00:00:00</subfield>
    <subfield code="s">2024-12-16</subfield>
    <subfield code="v">747.32</subfield>
    <subfield code="w">2022-01-29</subfield>
    <subfield code="y">BK</subfield>
  </datafield>
  <datafield tag="952" ind1=" " ind2=" ">
    <subfield code="0">0</subfield>
    <subfield code="1">0</subfield>
    <subfield code="2">ddc</subfield>
    <subfield code="4">0</subfield>
    <subfield code="7">0</subfield>
    <subfield code="8">BCA</subfield>
    <subfield code="a">PIET</subfield>
    <subfield code="b">PIET</subfield>
    <subfield code="d">2022-01-29</subfield>
    <subfield code="e">Kirti Praskshan</subfield>
    <subfield code="f">IN Rupees</subfield>
    <subfield code="g">1099.00</subfield>
    <subfield code="k">IN3230</subfield>
    <subfield code="l">2</subfield>
    <subfield code="o">005.44 PEL</subfield>
    <subfield code="p">BC1597</subfield>
    <subfield code="r">2024-06-27 00:00:00</subfield>
    <subfield code="s">2024-06-03</subfield>
    <subfield code="v">747.32</subfield>
    <subfield code="w">2022-01-29</subfield>
    <subfield code="y">BK</subfield>
  </datafield>
  <datafield tag="952" ind1=" " ind2=" ">
    <subfield code="0">0</subfield>
    <subfield code="1">0</subfield>
    <subfield code="2">ddc</subfield>
    <subfield code="4">0</subfield>
    <subfield code="7">0</subfield>
    <subfield code="8">BCA</subfield>
    <subfield code="a">PIET</subfield>
    <subfield code="b">PIET</subfield>
    <subfield code="d">2022-01-29</subfield>
    <subfield code="e">Kirti Praskshan</subfield>
    <subfield code="f">IN Rupees</subfield>
    <subfield code="g">1099.00</subfield>
    <subfield code="k">IN3230</subfield>
    <subfield code="l">3</subfield>
    <subfield code="o">005.44 PEL</subfield>
    <subfield code="p">BC1598</subfield>
    <subfield code="r">2023-01-25 00:00:00</subfield>
    <subfield code="s">2023-01-21</subfield>
    <subfield code="v">747.32</subfield>
    <subfield code="w">2022-01-29</subfield>
    <subfield code="y">BK</subfield>
  </datafield>
  <datafield tag="952" ind1=" " ind2=" ">
    <subfield code="0">0</subfield>
    <subfield code="1">0</subfield>
    <subfield code="2">ddc</subfield>
    <subfield code="4">0</subfield>
    <subfield code="7">0</subfield>
    <subfield code="8">BCA</subfield>
    <subfield code="a">PIET</subfield>
    <subfield code="b">PIET</subfield>
    <subfield code="d">2022-01-29</subfield>
    <subfield code="e">Kirti Praskshan</subfield>
    <subfield code="f">IN Rupees</subfield>
    <subfield code="g">1099.00</subfield>
    <subfield code="k">IN3230</subfield>
    <subfield code="l">2</subfield>
    <subfield code="o">005.44 PEL</subfield>
    <subfield code="p">BC1599</subfield>
    <subfield code="r">2023-03-28 00:00:00</subfield>
    <subfield code="s">2023-03-15</subfield>
    <subfield code="v">747.32</subfield>
    <subfield code="w">2022-01-29</subfield>
    <subfield code="y">BK</subfield>
  </datafield>
  <datafield tag="952" ind1=" " ind2=" ">
    <subfield code="0">0</subfield>
    <subfield code="1">0</subfield>
    <subfield code="2">ddc</subfield>
    <subfield code="4">0</subfield>
    <subfield code="7">0</subfield>
    <subfield code="8">BCA</subfield>
    <subfield code="a">PIET</subfield>
    <subfield code="b">PIET</subfield>
    <subfield code="d">2022-01-29</subfield>
    <subfield code="e">Kirti Praskshan</subfield>
    <subfield code="f">IN Rupees</subfield>
    <subfield code="g">1099.00</subfield>
    <subfield code="k">IN3230</subfield>
    <subfield code="l">4</subfield>
    <subfield code="o">005.44 PEL</subfield>
    <subfield code="p">BC1600</subfield>
    <subfield code="r">2025-01-24 00:00:00</subfield>
    <subfield code="s">2024-12-31</subfield>
    <subfield code="v">747.32</subfield>
    <subfield code="w">2022-01-29</subfield>
    <subfield code="y">BK</subfield>
  </datafield>
  <datafield tag="952" ind1=" " ind2=" ">
    <subfield code="0">0</subfield>
    <subfield code="1">0</subfield>
    <subfield code="2">ddc</subfield>
    <subfield code="4">0</subfield>
    <subfield code="7">0</subfield>
    <subfield code="8">BCA</subfield>
    <subfield code="a">PIET</subfield>
    <subfield code="b">PIET</subfield>
    <subfield code="d">2022-01-29</subfield>
    <subfield code="e">Kirti Praskshan</subfield>
    <subfield code="f">IN Rupees</subfield>
    <subfield code="g">1099.00</subfield>
    <subfield code="k">IN3230</subfield>
    <subfield code="l">6</subfield>
    <subfield code="o">005.44 PEL</subfield>
    <subfield code="p">BC1601</subfield>
    <subfield code="r">2024-12-30 00:00:00</subfield>
    <subfield code="s">2024-12-17</subfield>
    <subfield code="v">747.32</subfield>
    <subfield code="w">2022-01-29</subfield>
    <subfield code="y">BK</subfield>
  </datafield>
</record>
